Dynamic business management in Japan
保存先:
| 第一著者: | |
|---|---|
| フォーマット: | 図書 |
| 言語: | Undetermined |
| 出版事項: |
Tokyo
Asian Productivity Organization
1965
|
| 主題: | |
| タグ: |
タグ追加
タグなし, このレコードへの初めてのタグを付けませんか!
|
| Thư viện lưu trữ: | Trung tâm Học liệu Trường Đại học Cần Thơ |
|---|
| LEADER | 00517nam a2200193Ia 4500 | ||
|---|---|---|---|
| 001 | CTU_97692 | ||
| 008 | 210402s9999 xx 000 0 und d | ||
| 082 | |a 338 | ||
| 082 | |b T136 | ||
| 100 | |a Takanaka, Akira | ||
| 245 | 0 | |a Dynamic business management in Japan | |
| 245 | 0 | |c Akira Takanaka | |
| 260 | |a Tokyo | ||
| 260 | |b Asian Productivity Organization | ||
| 260 | |c 1965 | ||
| 650 | |a Industrial management | ||
| 650 | |z Japan | ||
| 904 | |i Hiếu | ||
| 980 | |a Trung tâm Học liệu Trường Đại học Cần Thơ | ||